Hacia una nueva psiquiatría. (Registro nro. 671)
[ vista simple ]
| 000 -LEADER | |
|---|---|
| fixed length control field | 01241 am a2200313 a 4500 |
| 005 - FECHA ULTIMA MODIFICACION | |
| control field | 20240701104409.0 |
| 008 - CAMPO DE CONTROL (LIBRO) | |
| fixed length control field | 100901s1987||||sp # f |||| 001 0 spa d |
| 020 ## - INTERNATIONAL STANDARD BOOK NUMBER | |
| ISBN | 8425415330 |
| 041 ## - CODIGO DE IDIOMA | |
| Código de idioma del texto/pista de sonido o título separado | spa |
| 092 ## - SIGNATURA TOPOGRAFICA DEWEY LOCAL | |
| número de clasificación | 616.89 |
| libristica | 32 |
| sección | HAC |
| 245 ## - TITULO PROPIAMENTE DICHO | |
| Título | Hacia una nueva psiquiatría. |
| Subtítulo y Título paralelo | Proceso de transformación sistémica de un centro / |
| Mención de responsabilidad y remanente de la transcripción de la portada | Angelo Covini |
| 250 ## - MENCION DE EDICION | |
| Mención de edición | 1a ed. |
| Mención de responsabilidad relacionada con la ed. | Prólogo a la edición castellana de Juan L. Linares. Traducción Juan Andrés Iglesias. |
| 260 ## - PIE DE IMPRENTA | |
| Lugar de publicación, distribución, etc | Barcelona: |
| Nombre de la editorial, distribuidor, etc | Herder; |
| Fecha de publicación | 1987. |
| 300 ## - DESCRIPCION FISICA | |
| Extension | 190 p. |
| 500 ## - NOTA GENERAL | |
| Nota general | Covini, A. et al. (1987). Hacia una nueva psiquiatría. Proceso de transformación sistémica de un centro. (1a ed.). Barcelona : Herder. |
| 590 ## - NOTAS LOCALES (RLIN) | |
| Nota local | Serie Biblioteca de Psicología Nº 149. |
| 653 ## - TÉRMINO INDIZADO - PALABRAS CLAVES | |
| Palabra clave | Asistencia a la salud mental |
| 653 ## - TÉRMINO INDIZADO - PALABRAS CLAVES | |
| Palabra clave | Modelo sistémico-relacional |
| 653 ## - TÉRMINO INDIZADO - PALABRAS CLAVES | |
| Palabra clave | Reforma de la asistencia psiquiátrica |
| 653 ## - TÉRMINO INDIZADO - PALABRAS CLAVES | |
| Palabra clave | Consulta, responsabilización, terapia |
| 653 ## - TÉRMINO INDIZADO - PALABRAS CLAVES | |
| Palabra clave | Relación con el departamento hospitalario |
| 653 ## - TÉRMINO INDIZADO - PALABRAS CLAVES | |
| Palabra clave | Modelo del centro privado de terapia familiar |
| 700 1# - ENTRADAS SECUNDARIAS - NOMBRE PERSONAL | |
| Nombre personal | Covini, Angelo |
| 9 (RLIN) | 1355 |
| 700 1# - ENTRADAS SECUNDARIAS - NOMBRE PERSONAL | |
| Nombre personal | Fiocchi, Elena. |
| 9 (RLIN) | 1356 |
| 700 1# - ENTRADAS SECUNDARIAS - NOMBRE PERSONAL | |
| Nombre personal | Pasquino, Roberto. |
| 9 (RLIN) | 1357 |
| 700 1# - ENTRADAS SECUNDARIAS - NOMBRE PERSONAL | |
| Nombre personal | Selvini, Matteo. |
| 9 (RLIN) | 1358 |
| 930 ## - NUMERO DE INVENTARIO | |
| Número de inventario | 813 |
| 942 ## - ADDED ENTRY ELEMENTS (KOHA) | |
| Source of classification or shelving scheme | Dewey Decimal Classification |
| Item type | Libros |
| Estado de retiro | Existencia | Fuente de clasificación | Estado general | No para prestamo | Colección | Ubicación permanente | ubicación actual | Sala de ubicación | Fecha de adquisición | Total Checkouts | Número de clasificación | Código de barras | Date last seen | Número de ejemplar | Price effective from | Koha tipo de elemento (item) | Public note |
|---|---|---|---|---|---|---|---|---|---|---|---|---|---|---|---|---|---|
| Dewey Decimal Classification | Reference | Biblioteca Medicina | Biblioteca Medicina | Referencia | 13/05/2011 | 616.89 32 HAC | 813 | 06/11/2014 | ej.1 | 13/05/2011 | Reference | LIBRO DE CONSULTA |